|
|
|
|
| LEADER |
00000nam a22000007a 4500 |
| 005 |
20190329221224.0 |
| 007 |
cr|||| |||| |
| 008 |
190329s2018 es |||||s|||| 00||0 spa d |
| 020 |
|
|
|a 978-84-17310-37-0
|
| 035 |
|
|
|a 23147
|
| 040 |
|
|
|a vLex
|
| 090 |
|
|
|c 8532
|d 8532
|
| 100 |
1 |
|
|a Riesco Sanz, Alberto
|
| 245 |
1 |
0 |
|a Desplazamiento de trabajadores en la Unin̤ Europea
|h [Recurso electrn̤ico] :
|b El caso del transporte por carretera /
|c Alberto Riesco Sanz, Jorge Garca̕ Lp̤ez, Mara̕ del Mar Maira Vidal
|
| 256 |
|
|
|a Servicio en ln̕ea
|
| 260 |
|
|
|a Albacete:
|b Editorial Bomarzo,
|c 2018
|
| 300 |
|
|
|a 1 recurso electrn̤ico
|
| 506 |
1 |
|
|a Disponible solo en los productos indicados
|d vLex Global
|d vLex Global (Academic Edition, excluding Law Schools)
|d vLex Global (U.S. Academic Edition, Law Schools)
|d vLex Global (U.S. Academic Edition, excluding Law Schools)
|d vLex Global (Academic Edition, Law Schools)
|
| 650 |
0 |
4 |
|a Derecho Laboral y Seguridad Social
|z Espaą
|
| 700 |
1 |
|
|a Garca̕ Lp̤ez, Jorge
|
| 700 |
1 |
|
|a Maira Vidal, Mara̕ del Mar
|
| 740 |
0 |
|
|a vLex Libros (Servicio en ln̕ea)
|
| 856 |
4 |
0 |
|u http://vlex.com/source/desplazamiento-de-trabajadores-en-la-union-europea-el-caso-del-transporte-por-carretera-23147
|z Acceso restringido
|
| 942 |
|
|
|c BOOK
|
| 999 |
0 |
|
|a Labor law and social security
|